000 00327nam a2200133 i 4500
001 bg
100 1 _aKOCANOV, N. S.
245 0 _aKompaktnye sestiznacnye matematiceskie tablicy /
_cN.S. Kocanov.
260 _aLeningrad,
_c1970.
040 _cBPK
041 _apol
942 _cKS
008 s pl f |000 0 pol
999 _c13511
_d13511
856 _uhttp://koha.tu.koszalin.pl/cgi-bin/koha/opac-detail.pl?biblionumber=13511
_yKatalog online BPK